| 000 | 00434cam a2200181ua 4500 | ||
|---|---|---|---|
| 020 | _c5.50 | ||
| 041 |
_aben _h |
||
| 082 |
_a516.24 _bTHO/MO |
||
| 100 | _aThomas, Mootheden . | ||
| 245 |
_aComplete course of trigonometry / _cThomas Mootheden. _hTextual Documents |
||
| 250 |
_a1 / _b. |
||
| 260 |
_a : _bC.J.Devassy , _c1961. |
||
| 300 | _a392 ; . | ||
| 365 | _a5.50 | ||
| 504 | _a | ||
| 942 | _cBK | ||
| 999 |
_c2998 _d2998 |
||